Технический анализ. Эффективные инструменты для активного инвестора: пер. с англ.

Bibliographische Detailangaben
1. Verfasser: Аппель Дж. Джеральд
Zusammenfassung:«Технический анализ» Джеральда Аппеля — это полный курс прогнозирования поведения финансового рынка. В отличие от других книг по данной теме, здесь даются конкретные пошаговые инструкции, следовать которым может практически любой инвестор. Несомненным преимуществом книги является и тот факт, что она написана разработчиком одного из самых популярных среди профессиональных трейдеров технического индикатора, MACD. Возможность получить урок технического анализа из первых рук уже сама по себе несет огромную ценность. Однако автор далеко не ограничивается описанием лишь собственного изобретения. Он рассматривает и другие индикаторы, выбрав из великого множества лишь те из них, что доказали свою эффективность на протяжении долгого периода. При этом основное внимание уделяется практическому применению профессионально подобранных автором инструментов. Результат — книга не только упрощает процесс освоения науки технического анализа для тех, кто делает в этой области свои первые шаги, но и обогащает новыми идеями арсенал активно работающих трейдеров.
Sprache:Russisch
Veröffentlicht: СПб., Питер, 2010
Schriftenreihe:Трейдинг & инвестиции
Schlagworte:
Format: Buch
KOHA link:https://koha.lib.tpu.ru/cgi-bin/koha/opac-detail.pl?biblionumber=179117

MARC

LEADER 00000nam0a2200000 4500
001 179117
005 20231101223444.0
010 |a 9785469013655 
035 |a (RuTPU)RU\TPU\book\194178 
090 |a 179117 
100 |a 20100415d2010 km y0rusy50 ca 
101 1 |a rus  |c eng 
102 |a RU 
105 |a a z 001zy 
200 1 |a Технический анализ. Эффективные инструменты для активного инвестора  |e пер. с англ.  |f Дж. Аппель 
210 |a СПб.  |c Питер  |d 2010 
215 |a 304 с.  |c ил. 
225 1 |a Трейдинг & инвестиции 
320 |a Библиогр.: с. 298-302. 
330 |a «Технический анализ» Джеральда Аппеля — это полный курс прогнозирования поведения финансового рынка. В отличие от других книг по данной теме, здесь даются конкретные пошаговые инструкции, следовать которым может практически любой инвестор. Несомненным преимуществом книги является и тот факт, что она написана разработчиком одного из самых популярных среди профессиональных трейдеров технического индикатора, MACD. Возможность получить урок технического анализа из первых рук уже сама по себе несет огромную ценность. Однако автор далеко не ограничивается описанием лишь собственного изобретения. Он рассматривает и другие индикаторы, выбрав из великого множества лишь те из них, что доказали свою эффективность на протяжении долгого периода. При этом основное внимание уделяется практическому применению профессионально подобранных автором инструментов. Результат — книга не только упрощает процесс освоения науки технического анализа для тех, кто делает в этой области свои первые шаги, но и обогащает новыми идеями арсенал активно работающих трейдеров. 
606 1 |a Фондовый рынок  |2 stltpush  |3 (RuTPU)RU\TPU\subj\27852  |9 51538 
610 1 |a финансы 
610 1 |a технический анализ 
610 1 |a инвестиции 
610 1 |a финансовый рынок 
610 1 |a инвестиционные стратегии 
610 1 |a инвестиционный климат 
610 1 |a монетарны фильтры 
610 1 |a трендовые индикаторы 
610 1 |a трендовые рынки 
610 1 |a трендовый анализ 
610 1 |a тренды 
610 1 |a графики 
610 1 |a циклы 
610 1 |a волатильность 
610 1 |a индикаторы схождения 
610 1 |a торговые каналы 
610 1 |a скользящие средние 
610 1 |a долгосрочные тренды 
686 |a У826.21  |v LBC/SL-A  |2 rubbk 
700 1 |a Аппель  |b Дж.  |g Джеральд 
801 1 |a RU  |b 63413507  |c 20100415 
801 2 |a RU  |b 63413507  |c 20120625  |g RCR 
942 |c BK 
959 |a 9/20100301  |d 1  |e 231,00  |f ЧЗГЛ:1